00463nam a2200181 a 4500001001300000003000900013005001700022008004100039020001000080082001800090100002900108245001800137260003800155300001000193500003500203505002400238650001900262nice12345678IN_TiNIC20260116011639.0050524s1978 luca grp 000 0 eng  ac10000a297.1226bNOM aNomani, Muhammad Manzoor aQuran and You aLucknowbAcademy of Islamicc1978 a222p. aincludes index and biblioraphy2 aBibliography, index aQuran-Theology